| 000 | 01040nam a22002417a 4500 | ||
|---|---|---|---|
| 010 | _aB-140548 | ||
| 020 |
_c300.00 _a8181660404 |
||
| 035 | _aB-140548 | ||
| 037 | _aCen Lib / Ret | ||
| 040 |
_aDPL _bHN |
||
| 082 |
_a509.2 _bमहंती |
||
| 100 | _aमहंती, सुबोध | ||
| 245 |
_aविज्ञान के अनन्य पथिक : _cसुबोध महंती _bविश्व के महान वैज्ञानिक की जीवन कथाऍ / |
||
| 246 |
_aVigyan ke ananya pathik/ _bby Subodh Mahanti |
||
| 260 |
_aदिल्ली _bमेघा बुक्स _c2005 |
||
| 270 |
_aएक्स-11, नवीन शाहदरा _b दिल्ली _e110032 |
||
| 300 |
_av 2. 344 _b24cm |
||
| 650 | _aवैज्ञानिकों --जीवनी. | ||
| 650 | _aअन्वेषकों -- जीवनी | ||
| 650 | _a Scientists -- Biography. | ||
| 650 | _aInventors -- Biography. | ||
| 942 |
_2ddc _cHN _h509.2 _mमहंती |
||
| 999 |
_c122185 _d122185 |
||